1081 1110 1857 1795 1524 1787 1960 1966 1804 1229 1443 1337 1175 1436 1621 1163 1515 1100 1243 1752 1126 1363 1361 1341 1793 1733 1377 1335 1632 1561 1946 1955 1998 1833 1951 1009 1122 1162 1701 1648 1073 1729 1451 1002 1835 1336 1288 1240 1346 1527 1657 1373 1909 1262 1039 1103 1290 1563 1896 1825 1129 1510 1452 1704 1824 1095 1768 1259 1004 1287 1431 1156 1221 1463 1284 1847 1449 1832 1107 1700 1768 1411 1263 1212 1192 1310 1889 1345 1185 1226 1096 1884 1430 1448 1252 1467 1943 1555 1549 BCNSPRNW ULIB Ver.6.0+V

เปลี่ยนเป็นภาษาไทย

Change to English
 แสดงรายละเอียดบรรณานุกรม
  กลับหน้าหลัก

Brief Record : Get Marc (ISO 2709) : E-mail record : QR code < ปิดหน้าต่าง
LEADER : 00000nam 2200000uu 4500
001    13399127298
003     ULIB
008    200408s2559||||th 000 0 tha d
020    ^a9786169157427
040    ^absi
060 04 ^aWA105^bพ816
245 00 ^aพื้นฐานระบาดวิทยา =^bBasics of epidemiology /^cบรรณาธิการ,คำนวณ อึ้งชูศักดิ์ ... [และคนอื่นๆ]
246 31 ^aBasics of epidemiology
250    ^aพิมพ์ครั้งที่ 2
260    ^aนนทบุรี :^bสมาคมนักระบาดวิทยาภาคสนาม,^c2559
300    ^a317 หน้า :^bภาพประกอบ ;^c26 ซม.
650  2 ^aEpidemiology
650  4 ^aระบาดวิทยา
700 0  ^aคำนวณ อึ้งชูศักดิ์,^eบรรณาธิการ
710 2  ^aสมาคมนักระบาดวิทยาภาคสนาม
945    ^p350^l0^i006730
945    ^p350^l0^i006731
945    ^p350^l0^i006732
999    ^aประนอม เกษจรัล
รายการนี้ยังไม่มีแท็ก
คุณยังไม่ได้ล็อกอิน คุณสามารถมีกิจกรรมร่วมกับเว็บไซต์ได้ แต่ต้องล็อกอินก่อน ::
  ล็อกอิน

รายการสื่อสารสนเทศ

ลำดับที่ ประเภท เลขเรียก/บาร์โค้ด สถานที่ สถานะ
1. วิทยาศาสตร์การแพทย์ และสุขภาพ
วิทยาศาสตร์การแพทย์ และสุขภาพ
สถานะ=หนังสือเก่า
WA105 พ816 ฉ.1 
  Barcode: 006730
ห้องสมุดวิทยาเขตสวรรค์ประชารักษ์
►ส่วนจัดเก็บหนังสือเก่า สปร
บนชั้น
  ขอยืม
2. วิทยาศาสตร์การแพทย์ และสุขภาพ
วิทยาศาสตร์การแพทย์ และสุขภาพ
สถานะ=หนังสือเก่า
WA105 พ816 ฉ.2 
  Barcode: 006731
ห้องสมุดวิทยาเขตสวรรค์ประชารักษ์
►ส่วนจัดเก็บหนังสือเก่า สปร
บนชั้น
  ขอยืม
3. วิทยาศาสตร์การแพทย์ และสุขภาพ
วิทยาศาสตร์การแพทย์ และสุขภาพ
สถานะ=หนังสือเก่า
WA105 พ816 ฉ.3 
  Barcode: 006732
ห้องสมุดวิทยาเขตสวรรค์ประชารักษ์
►ส่วนจัดเก็บหนังสือเก่า สปร
บนชั้น
  ขอยืม

รายการใกล้เคียง
    หัวเรื่อง [Epidemiology]
    หัวเรื่อง [ระบาดวิทยา]

BibComment


ยังไม่เคยถูกคอมเมนท์

คอมเมนท์ทรัพยากรรายการนี้
  คอมเมนท์: พื้นฐานระบาดวิทย..


 Copyright 2026. Bcnsprnw @Library